Southville International School and Colleges
Your cart is empty.
  • Cart
  • Lists
    Public lists Eva Luna New books Lux_list list_1
    Your lists Log in to create your own lists
  • Log in to your account
  • Your cookies
  • Search history
Southville International School and Colleges
  • Advanced search
  • Recent comments
  • Most popular
  • Libraries

Log in to your account

Log in with GOOGLE


If you do not have an external account, but do have a local account, you can still log in:

  1. Home
  2. MARC view: Real Life In London, Volumes I. and II. :
Normal view MARC view ISBD view

Real Life In London, Volumes I. and II. : (Record no. 249739)

[ view plain ]
MARC details
000 -LEADER
fixed length control field 01275cam a22002893a 4500
001 - CONTROL NUMBER
control field 20484
003 - CONTROL NUMBER IDENTIFIER
control field PGUSA
005 - DATE AND TIME OF LATEST TRANSACTION
control field 20140828083431.0
008 - FIXED-LENGTH DATA ELEMENTS--GENERAL INFORMATION
fixed length control field 070130s2007||||xxu|||||s|||||000 | eng d
040 ## - CATALOGING SOURCE
Original cataloging agency PGUSA
Language of cataloging eng
042 ## - AUTHENTICATION CODE
Authentication code dc
050 #4 - LIBRARY OF CONGRESS CALL NUMBER
Classification number DA
100 1# - MAIN ENTRY--PERSONAL NAME
Personal name Egan, Pierce,
Dates associated with a name 1772-1849
245 10 - TITLE STATEMENT
Title Real Life In London, Volumes I. and II. :
Remainder of title Or, The Rambles And Adventures Of Bob Tallyho, Esq., And His Cousin, The Hon. Tom Dashall, Through The Metropolis; Exhibiting A Living Picture Of Fashionable Characters, Manners, And Amusements In High And Low Life (1821)
Medium [electronic resource] /
Statement of responsibility, etc Pierce Egan
260 ## - PUBLICATION, DISTRIBUTION, ETC. (IMPRINT)
Name of publisher, distributor, etc Project Gutenberg,
Date of publication, distribution, etc 2007
500 ## - GENERAL NOTE
General note The authorship of this work (originally published anonymously) is uncertain. It seems unlikely that it is really by Pierce Egan, but it may not be by John Badcock either.
506 ## - RESTRICTIONS ON ACCESS NOTE
Terms governing access Public domain in the USA.
516 ## - TYPE OF COMPUTER FILE OR DATA NOTE
Type of computer file or data note Electronic text
653 ## - INDEX TERM--UNCONTROLLED
Uncontrolled term London (England) -- Social life and customs -- 19th century
700 1# - ADDED ENTRY--PERSONAL NAME
Personal name Heath, William,
Dates associated with a name 1795-1840
700 1# - ADDED ENTRY--PERSONAL NAME
Personal name Rowlandson, Thomas,
Dates associated with a name 1756-1827
700 1# - ADDED ENTRY--PERSONAL NAME
Personal name Alken, Henry Thomas,
Dates associated with a name 1784-1851
700 1# - ADDED ENTRY--PERSONAL NAME
Personal name Dighton, Richard,
Dates associated with a name 1795-1880
830 #0 - SERIES ADDED ENTRY--UNIFORM TITLE
Uniform title Project Gutenberg
Volume number/sequential designation 20484
856 40 - ELECTRONIC LOCATION AND ACCESS
Uniform Resource Identifier <a href="http://www.gutenberg.org/ebooks/20484">http://www.gutenberg.org/ebooks/20484</a>
942 ## - ADDED ENTRY ELEMENTS (KOHA)
Koha item type eBooks
Holdings
Withdrawn status Lost status Damaged status Home library Current library Date acquired Total Checkouts Date last seen Price effective from Koha item type
      Project Gutenberg Project Gutenberg 08/28/2014   08/28/2014 08/28/2014 eBooks

Real Life In London, Volumes I. and II. :

APA

Egan P., Heath W., Rowlandson T., Alken H. T. & Dighton R. (2007). Real Life In London, Volumes I. and II. : Project Gutenberg.

Chicago

Egan Pierce, Heath William, Rowlandson Thomas, Alken Henry Thomas and Dighton Richard. 2007. Real Life In London, Volumes I. and II. : Project Gutenberg.

Harvard

Egan P., Heath W., Rowlandson T., Alken H. T. and Dighton R. (2007). Real Life In London, Volumes I. and II. : Project Gutenberg.

MLA

Egan Pierce, Heath William, Rowlandson Thomas, Alken Henry Thomas and Dighton Richard. Real Life In London, Volumes I. and II. : Project Gutenberg. 2007.

  • Place hold
  • Print
  • Cite
  • Add to your cart (remove)
  • Save record
    BIBTEX Dublin Core MARCXML MARC (non-Unicode/MARC-8) MARC (Unicode/UTF-8) MARC (Unicode/UTF-8, Standard) MODS (XML) RIS
  • More searches
    Search for this title in:
    Other Libraries (WorldCat) Other Databases (Google Scholar) Online Stores (Bookfinder.com) Open Library (openlibrary.org)

Exporting to Dublin Core...

SOUTHVILLE LIBRARY

Southville International School and Colleges Library

1281 Tropical Ave. Cor. Luxembourg St., BF Homes International, Las Pinas City

Tel. No. 8256374 / 252358 Loc. 117/146

Powered by Koha